000 01124nas a2200325 4500
001 BR8304447
003 BR-BrBNA
005 20231205085654.0
007 ta
008 230509b bl.|||p| |||| 00| 00por d
040 _aBR-BrBNA
_bpor
_cBiblioteca Nacional de Agricultura
041 _a(Pt)
072 _aH60; F60
100 1 _aCastro, P.R.C.
100 1 _aRodrigues, J.D.
100 1 _aMoraes, M.A.
100 1 _aCarvalho, V.L.M.
245 1 _aEfeitos alelopaticos de alguns extratos vegetais na germinacao do tomateiro (Lycopersicon esculentum Mill, cv. Santa Cruz)[Cyperus rotundus, tiririca, Sorghum halepense, capim massambara, Canavalia ensiformis, feijao de porco, Cynodon dactylon, grama bermuda, Brassica napus, colza]
650 _aTOMATE
650 _aGERMINACAO
650 _aERVA DANINHA
650 _aTIRIRICA
650 _aCAPIM MASSAMBARA
650 _aFEIJAO DE PORCO
650 _aGRAMA BERMUDA
650 _aCOLZA
773 0 _tPlanta Daninha (Brazil)
_xISSN 0100-8358
_g(Dec 1983), v. 6(2) p. 79-85
_wBR8304447
909 _a202311
_bLúcia
_c55
_dLúcia Elande
942 _2AGRIS
_n0
_cANA
999 _c112957
_d112957